000 01317nam0a22002651 4500
001 rc\4033348
005 20250611063551.0
035 _a(NLR Aleph) 008093800
090 _a9200509
_c9200509
100 _a20130415d1951 |||y0rusy50 ca
101 0 _arus
102 _aRU
105 _aa z |||||
200 1 _aПроизводство цельнотянутых и витых стеклянных труб
210 _aКиев
_cАкад. архитектуры Укр. ССР
_d1951
215 _a13 с.
_cил.
_d29
225 1 _aК Республиканскому совещанию руководящих и инженерно-технических работников проектных, научно-исследовательских и строительных организаций и предприятий промышленности строительных материалов в г. Киеве. Доклады
_f5 Секция. Строительная керамика и стекло
_vВып. 51
300 _aПеред загл. авт.: П.Д. Куцевол, инж.
606 _aНа правах рукописи
_2psbo
700 1 _aКуцевол
_bП.Д.
801 0 _aRU
_bNLR
_gpsbo
801 1 _aRU
_bELAR
_2rusmarc
852 _aNLR
_jТ80 Г-8/1808-51
942 _cBOOK
980 _aNB